Statistics for Hard Horse Knowledge Quiz

Click here to take the quiz!

General Stats

  • This quiz has been taken 8 times
  • The average score is 2 of 15

Answer Stats

HintAnswer% Correct
How many bones do adult horses have in their body205
40%
A part of a horse can be made to form gelatin, which body part is this?Hoove
40%
How old was the oldest recorded horse?Sixty-two
40%
Which horse breed is the most popular breed in the world?American Quarter Horse
20%
What is a horse's stomach called?Barrel
20%
How can you tell how old a horse is?its teeth
20%
What is the rarest horse breed in the word?Sorraia
20%
What is the rarest horse color?White
20%
A horses brain on average weighs how much?623g
0%
One breed of horse has one less vertebrae than other breeds, which horse is this?Arabian
0%
Horses drink how many gallons of water a day on average?five
0%
How many breaths does the average horse take in a minute?Four
0%
How many gallons of saliva do horses produce a day?ten
0%
Horses have how many mussels in their ears?ten
0%
How many hours do horses normally sleep a day?three
0%

Score Distribution

Percentile by Number Answered

Percent of People with Each Score

Your Score History

You have not taken this quiz